| 000 | 00672nam a2200193 4500 | ||
|---|---|---|---|
| 010 | _aA-427026 | ||
| 035 | _aA-427026 | ||
| 037 | _bCen Lib / Ret | ||
| 040 |
_aDPL _bEn |
||
| 082 |
_a920 _bCHA |
||
| 245 |
_aDr. B.R. Ambedkar, 1891-1991 : _bpatriot, philosopher and statesman / _cedited by K. L. Chanchreek |
||
| 260 |
_aDelhi _bH. K. Publishers and Distributors _c1991 |
||
| 270 |
_aA-1/11, Shakti Nagar Extension _bDelhi |
||
| 300 |
_a326p ; _c27cm(Hb) |
||
| 650 | _aAmbedkar, Bhimrao Ramji, -- 1892-1956. | ||
| 650 | _aIndia -- Politics and government -- 1919-1947. | ||
| 650 | _aStatesmen -- India -- Biography. | ||
| 942 |
_2ddc _cEN _h921 _mCHA |
||
| 999 |
_c137073 _d137073 |
||